000 00625nam a2200241Ia 4500
003 OSt
005 20221005132125.0
006 a|||||r|||| 00| 0
007 ta
008 221004b |||||||| |||| 00| 0 mal d
024 _a58154
037 _cTextual
040 _aCRL
_cCRL
_bmal
041 _2mal
_amal
082 _aO32,6N31x, K8
100 _aKurup O. N. V. Au.
_9625020
245 0 _aThamarappoyka
260 _c1968
650 _a MALAYALAM PROSE
_9187524
650 _aMALAYALAM LITERATURE
_938866
942 _hO32,6N31x, K8
_cTEXL
_2cc
999 _c1062498
_d1062498